[Event "Rottach Egern Seniors Cup 11th"]
[Site "Rottach Egern"]
[Date "2023.04.18"]
[Round "4"]
[White "Kutschenko, Roland"]
[Black "Schmieder, Siegfried"]
[Result "1/2-1/2"]
[WhiteElo "2013"]
[BlackElo "1866"]
[PlyCount "92"]
[EventDate "2023.04.15"]
[EventType "swiss"]
[EventRounds "9"]
[EventCountry "GER"]
[SourceTitle "EXT 2024"]
[Source "ChessBase"]
[SourceDate "2023.10.10"]
[SourceVersion "1"]
[SourceVersionDate "2023.10.10"]
[SourceQuality "1"]

1. e4 d6 2. d4 Nf6 3. Nc3 g6 4. Be2 b6 5. Bb5+ c6 6. Be2 c5 7. Bb5+ Bd7 8. Bxd7+ Qxd7 9. d5 b5 10. f3 Bg7 11. Bd2 0-0 12. Nh3 h6 13. 0-0 a6 14. Be3 Nh5 15. Ne2 Kh7 16. c3 a5 17. Qd2 b4 18. Nf2 Nf6 19. c4 a4 20. Rac1 h5 21. Nh3 Qc8 22. Ng5+ Kg8 23. h3 Nbd7 24. Nf4 Bh6 25. Nd3 Nh7 26. Nxh7 Bxe3+ 27. Qxe3 Kxh7 28. f4 Nf6 29. e5 Ng8 30. f5 Nh6 31. e6 gxf5 32. Nf4 Qe8 33. Rce1 f6 34. Qf3 Rg8 35. Qxh5 Qxh5 36. Nxh5 Rg5 37. Nf4 a3 38. b3 Rag8 39. Re3 Rg3 40. Rff3 Rxf3 41. Rxf3 Rg5 42. Kf1 Kg8 43. Ke2 Kf8 44. Ke3 Ke8 45. g3 Kf8 46. Kf2 Ke8 1/2-1/2

[Event "Wch Seniors 65 30th"]
[Site "Assisi"]
[Date "2022.11.17"]
[Round "3"]
[White "Kutschenko, Roland"]
[Black "Roos, Jean Luc"]
[Result "1/2-1/2"]
[WhiteElo "2022"]
[BlackElo "2195"]
[PlyCount "72"]
[EventDate "2022.11.15"]
[EventType "swiss"]
[EventRounds "11"]
[EventCountry "ITA"]
[SourceTitle "CBM 211 Extra"]
[Source "ChessBase"]
[SourceDate "2023.01.31"]
[SourceVersion "1"]
[SourceVersionDate "2023.01.31"]
[SourceQuality "1"]

1. d4 d5 2. Bf4 c5 3. c3 Qb6 4. Nf3 Nc6 5. Qb3 Qxb3 6. axb3 cxd4 7. Nxd4 Nxd4 8. cxd4 e6 9. Nc3 Bd7 10. e3 Bb4 11. Bd3 Ne7 12. 0-0 Nc6 13. Rfc1 0-0 14. Bc2 f6 15. Bg3 Rac8 16. Bd1 a6 17. Na4 Na7 18. Nc5 Bxc5 19. Rxc5 Rxc5 20. dxc5 Rc8 21. Rc1 e5 22. f4 e4 23. Be1 Nc6 24. Bc3 Be6 25. b4 d4 26. exd4 Rd8 27. d5 Bxd5 28. Be2 Be6 29. Rd1 Rxd1+ 30. Bxd1 Bc4 31. Kf2 Kf7 32. g4 g6 33. Ke3 f5 34. g5 Ke6 35. h4 Kd7 36. Ba4 Ke6 1/2-1/2

[Event "GER-ch Seniors 50"]
[Site "Hamburg"]
[Date "2018.07.26"]
[Round "6"]
[White "Kutschenko, Roland"]
[Black "Kolthoff, Siegmund"]
[Result "1/2-1/2"]
[WhiteElo "2069"]
[BlackElo "2015"]
[PlyCount "50"]
[EventDate "2018.07.21"]
[EventType "swiss"]
[EventRounds "9"]
[EventCountry "GER"]
[SourceTitle "CBM 186 Extra"]
[Source "ChessBase"]
[SourceDate "2018.08.24"]
[SourceVersion "1"]
[SourceVersionDate "2018.08.24"]
[SourceQuality "1"]

1. e4 c5 2. Nf3 a6 3. a4 e6 4. d4 cxd4 5. Nxd4 Nf6 6. Bd3 d6 7. 0-0 Be7 8. Be3 b6 9. Nd2 Bb7 10. f4 Nbd7 11. Qf3 0-0 12. g4 g6 13. Ne2 Qc7 14. g5 Ne8 15. Qh3 Ng7 16. f5 Bd8 17. f6 Nh5 18. Ng3 Nhxf6 19. Qh4 Ne8 20. Qh6 Ne5 21. Rf4 f6 22. Raf1 Qg7 23. Qh3 Bc8 24. gxf6 Rxf6 25. Rxf6 Nxf6 1/2-1/2

[Event "GER-ch Seniors 50"]
[Site "Hamburg"]
[Date "2018.07.24"]
[Round "4"]
[White "Kutschenko, Roland"]
[Black "Gerks, Joachim"]
[Result "1-0"]
[WhiteElo "2069"]
[BlackElo "1794"]
[PlyCount "77"]
[EventDate "2018.07.21"]
[EventType "swiss"]
[EventRounds "9"]
[EventCountry "GER"]
[SourceTitle "CBM 186 Extra"]
[Source "ChessBase"]
[SourceDate "2018.08.24"]
[SourceVersion "1"]
[SourceVersionDate "2018.08.24"]
[SourceQuality "1"]

1. e4 c5 2. Nf3 d6 3. d4 cxd4 4. Nxd4 Nf6 5. Nc3 g6 6. Bg5 Bg7 7. Qd2 Nc6 8. Nb3 0-0 9. Be2 Re8 10. 0-0 a6 11. a4 Be6 12. Ra3 Ne5 13. Re1 Rc8 14. Nd4 Bc4 15. b3 Bxe2 16. Rxe2 Qa5 17. Bxf6 Bxf6 18. Nd5 Qxd2 19. Nxf6+ exf6 20. Rxd2 Nc6 21. Nxc6 Rxc6 22. f3 Kf8 23. c4 Ke7 24. Kf2 h5 25. Ke3 Rb6 26. Kd4 Rb8 27. Rd3 Rc6 28. a5 Rbc8 29. Rc3 Ke6 30. b4 R8c7 31. Rab3 Rd7 32. g4 Rd8 33. gxh5 gxh5 34. f4 f5 35. Rh3 fxe4 36. Rxh5 f5 37. Rh6+ Ke7 38. Rh7+ Ke6 39. Rbh3 1-0

[Event "GER-ch Seniors 50"]
[Site "Hamburg"]
[Date "2018.07.22"]
[Round "2"]
[White "Kutschenko, Roland"]
[Black "Herlan, Klaus Juergen"]
[Result "1/2-1/2"]
[WhiteElo "2069"]
[BlackElo "1952"]
[PlyCount "71"]
[EventDate "2018.07.21"]
[EventType "swiss"]
[EventRounds "9"]
[EventCountry "GER"]
[SourceTitle "CBM 186 Extra"]
[Source "ChessBase"]
[SourceDate "2018.08.24"]
[SourceVersion "1"]
[SourceVersionDate "2018.08.24"]
[SourceQuality "1"]

1. d4 d5 2. Bf4 Nf6 3. Nf3 c5 4. c3 Qb6 5. Qc1 Bf5 6. e3 Nbd7 7. Nbd2 Rc8 8. Be2 Nh5 9. Bg3 Nxg3 10. hxg3 h6 11. Rh4 e6 12. g4 Bg6 13. g5 Be7 14. Rh3 Qd6 15. gxh6 Rxh6 16. Rxh6 gxh6 17. Bb5 Bf6 18. Nb3 b6 19. Qd2 c4 20. Nc1 Ke7 21. Bxd7 Kxd7 22. Ne2 Be4 23. Ng3 Bxf3 24. gxf3 Bh4 25. f4 Rg8 26. 0-0-0 Bxg3 27. fxg3 Rxg3 28. Rh1 Rg6 29. a3 Kc7 30. Kb1 Qf8 31. Qh2 f5 32. Rg1 Qg7 33. Rxg6 Qxg6 34. Qh4 Kd7 35. Ka2 h5 36. Ka1 1/2-1/2

[Event "GER CupT Baden Seniors final"]
[Site "Karlsruhe"]
[Date "2018.06.30"]
[Round "4.2"]
[White "Kutschenko, Roland"]
[Black "Kiefer, Gerhard"]
[Result "0-1"]
[WhiteElo "2069"]
[BlackElo "2247"]
[PlyCount "116"]
[EventDate "2018.06.24"]
[EventType "team-k.o."]
[EventRounds "4"]
[EventCountry "GER"]
[SourceTitle "EXT 2019"]
[Source "ChessBase"]
[SourceDate "2018.10.10"]
[SourceVersion "1"]
[SourceVersionDate "2018.10.10"]
[SourceQuality "1"]
[WhiteTeam "Zaehringen Seniors"]
[BlackTeam "Emmendingen Seniors"]
[WhiteTeamCountry "GER"]
[BlackTeamCountry "GER"]

1. e4 c5 2. Nf3 e6 3. d4 cxd4 4. Nxd4 Nc6 5. Be3 Nf6 6. Bd3 d5 7. Nxc6 bxc6 8. exd5 cxd5 9. 0-0 Be7 10. Bd4 0-0 11. Nd2 Nd7 12. Re1 Bf6 13. Nf3 Bxd4 14. Nxd4 Nc5 15. Re3 g6 16. Qd2 Bd7 17. Rae1 Qf6 18. c3 Rab8 19. b3 Qg7 20. Bb1 Rfe8 21. Nf3 Red8 22. Qd4 Qxd4 23. cxd4 Nb7 24. Rc3 Rbc8 25. Rec1 Nd6 26. Rxc8 Rxc8 27. Rxc8+ Nxc8 28. Bd3 f6 29. Kf1 Kf8 30. Ke2 Ke7 31. h4 Be8 32. Ke3 h6 33. g4 g5 34. hxg5 hxg5 35. a4 a5 36. Kd2 Nd6 37. Kc3 Bc6 38. b4 Ne4+ 39. Bxe4 dxe4 40. Nd2 axb4+ 41. Kxb4 Kd6 42. Kc4 f5 43. gxf5 Bd5+ 44. Kc3 exf5 45. Nf1 f4 46. Nh2 Be6 47. a5 Bc8 48. Kd2 Kd5 49. Ke1 Kxd4 50. f3 e3 51. a6 Bxa6 52. Ng4 Bc8 53. Nf6 Bf5 54. Ne8 Ke5 55. Nc7 g4 56. fxg4 Bxg4 57. Nb5 f3 58. Nc3 f2+ 0-1

[Event "GER-chA Seniors 29th"]
[Site "Berlin"]
[Date "2017.08.12"]
[Round "5"]
[White "Schmidt, Gerhard3333"]
[Black "Kutschenko, Roland"]
[Result "1/2-1/2"]
[WhiteElo "2198"]
[BlackElo "2061"]
[PlyCount "57"]
[EventDate "2017.08.07"]
[EventType "swiss"]
[EventRounds "9"]
[EventCountry "GER"]
[SourceTitle "EXT 2019"]
[Source "ChessBase"]
[SourceDate "2018.10.10"]
[SourceVersion "1"]
[SourceVersionDate "2018.10.10"]
[SourceQuality "1"]

1. d4 Nf6 2. Nf3 e6 3. c4 b6 4. Nc3 Bb7 5. e3 d5 6. b3 Be7 7. Bd3 Nbd7 8. 0-0 0-0 9. Bb2 c5 10. Qe2 Ne4 11. Rfd1 cxd4 12. Nxd4 Nxc3 13. Bxc3 Nf6 14. Bb2 Rc8 15. Rac1 Qd6 16. Nf3 Qb8 17. Ne5 dxc4 18. Bxc4 Rfd8 19. f4 Bd5 20. Bxd5 Rxc1 21. Rxc1 Rxd5 22. Nc6 Qb7 23. Nxe7+ Qxe7 24. Rc8+ Rd8 25. Qc4 h6 26. h3 Rxc8 27. Qxc8+ Kh7 28. Qc2+ Kg8 29. Qc8+ 1/2-1/2

[Event "Basel op"]
[Site "Basel"]
[Date "2017.01.07"]
[Round "7"]
[White "Kutschenko, Roland"]
[Black "Pajeken, Jakob Leon"]
[Result "1/2-1/2"]
[WhiteElo "2101"]
[BlackElo "1977"]
[PlyCount "42"]
[EventDate "2017.01.02"]
[EventType "swiss"]
[EventRounds "9"]
[EventCountry "SUI"]
[SourceTitle "CBM 176 Extra"]
[Source "ChessBase"]
[SourceDate "2017.03.02"]
[SourceVersion "1"]
[SourceVersionDate "2017.03.02"]
[SourceQuality "1"]

1. d4 d5 2. Bf4 Nf6 3. e3 c5 4. c3 Qb6 5. Qb3 Nc6 6. Qxb6 axb6 7. Bd3 c4 8. Bc2 b5 9. b4 cxb3 10. Bxb3 b4 11. Ne2 e6 12. 0-0 Nh5 13. c4 Nxf4 14. Nxf4 dxc4 15. Bxc4 Bd6 16. Ne2 0-0 17. Nd2 Bd7 18. Rfc1 Na5 19. Bd3 Rfc8 20. Rxc8+ Rxc8 21. Rc1 Rxc1+ 1/2-1/2

[Event "Basel op"]
[Site "Basel"]
[Date "2016.01.02"]
[Round "3"]
[White "Kutschenko, Roland"]
[Black "Balg, Matthias"]
[Result "1/2-1/2"]
[WhiteElo "2140"]
[BlackElo "2052"]
[PlyCount "68"]
[EventDate "2016.01.01"]
[EventType "swiss"]
[EventRounds "7"]
[EventCountry "SUI"]
[SourceTitle "CBM 170 Extra"]
[Source "ChessBase"]
[SourceDate "2016.02.25"]
[SourceVersion "1"]
[SourceVersionDate "2016.02.25"]
[SourceQuality "1"]

1. d4 d5 2. Bf4 e6 3. Nf3 c5 4. c3 Nf6 5. e3 Bd7 6. Bd3 c4 7. Bc2 b5 8. a3 Nc6 9. Nbd2 Be7 10. 0-0 0-0 11. Ne5 Nxe5 12. dxe5 Ne8 13. Qe2 f5 14. exf6 Nxf6 15. Rad1 Qe8 16. Be5 a5 17. h3 Bc5 18. Qf3 Qe7 19. Qg3 Ra6 20. Nf3 Bd6 21. Qh4 Be8 22. Rd2 h6 23. Rfd1 Bxe5 24. Nxe5 Qc7 25. Qd4 Nd7 26. Nxd7 Qxd7 27. e4 Bf7 28. e5 Qe7 29. Re1 Kh8 30. Re3 Bg8 31. Rg3 Bh7 32. Bxh7 Kxh7 33. Qg4 Qf7 34. Rf3 Qe7 1/2-1/2

[Event "Copenhagen op"]
[Site "Copenhagen"]
[Date "1991.??.??"]
[Round "7"]
[White "Lochte, Thomas"]
[Black "Kutschenko, Roland"]
[Result "1-0"]
[WhiteElo "2250"]
[BlackElo "2225"]
[PlyCount "81"]
[EventDate "1991.06.??"]
[EventType "swiss"]
[EventRounds "10"]
[EventCountry "DEN"]
[SourceTitle "TD"]
[Source "ChessBase"]
[SourceDate "1994.03.01"]
[SourceVersion "1"]
[SourceVersionDate "1994.03.01"]
[SourceQuality "1"]

1. e4 e5 2. d4 exd4 3. c3 d5 4. exd5 Qxd5 5. cxd4 Bb4+ 6. Nc3 Nc6 7. Nf3 Nf6 8. Be2 Ne4 9. Bd2 Bxc3 10. bxc3 Nxd2 11. Qxd2 0-0 12. Rb1 Re8 13. 0-0 Rb8 14. Rb5 Qd6 15. Bd3 g6 16. Ng5 Kg7 17. Ne4 Qd8 18. Ng3 Qh4 19. f4 f6 20. d5 Ne7 21. Qf2 Bd7 22. d6 cxd6 23. Nh5+ Qxh5 24. Rxh5 gxh5 25. Qg3+ Kh8 26. Qh4 Ng8 27. Qxh5 Re7 28. Rf3 Rbe8 29. Re3 h6 30. Rg3 Rg7 31. Rxg7 Kxg7 32. Qg6+ Kf8 33. f5 Re7 34. Bc4 Rg7 35. Qh5 Be8 36. Qd1 Rd7 37. Be6 Rd8 38. Qb3 Ne7 39. Qxb7 a5 40. Qc7 Ra8 41. Qxd6 1-0

[Event "Copenhagen op"]
[Site "Copenhagen"]
[Date "1991.??.??"]
[Round "3"]
[White "Soloviov, Sergei"]
[Black "Kutschenko, Roland"]
[Result "1/2-1/2"]
[WhiteElo "2395"]
[BlackElo "2225"]
[PlyCount "130"]
[EventDate "1991.06.??"]
[EventType "swiss"]
[EventRounds "10"]
[EventCountry "DEN"]
[SourceTitle "TD"]
[Source "ChessBase"]
[SourceDate "1994.03.01"]
[SourceVersion "1"]
[SourceVersionDate "1994.03.01"]
[SourceQuality "1"]

1. e4 e5 2. Nc3 Bb4 3. Bc4 Bxc3 4. bxc3 d6 5. f4 Nf6 6. d3 Nc6 7. Bb5 Bd7 8. Bxc6 Bxc6 9. Nf3 Qe7 10. 0-0 Nd7 11. Qe1 b6 12. Qg3 0-0-0 13. fxe5 dxe5 14. c4 f6 15. Nh4 g6 16. Rf2 Qb4 17. Qg4 f5 18. exf5 gxf5 19. Nxf5 Kb8 20. Bd2 Qb2 21. Qd1 Qa3 22. Qc1 Qa6 23. Bc3 Rhg8 24. Ne7 Rxg2+ 25. Rxg2 Bxg2 26. Qg5 Qa3 27. Kxg2 Rf8 28. Rf1 Qxc3 29. Rxf8+ Nxf8 30. Qf5 Qd2+ 31. Kf3 Qd1+ 32. Kg3 Qg1+ 33. Kh3 Qe3+ 34. Kg4 Qe2+ 35. Kg5 Qe3+ 36. Kf6 Qf4 37. Nc6+ Kb7 38. Nxe5 Qh6+ 39. Kf7 a5 40. Qf3+ Ka7 41. Qf6 Ng6 42. Nxg6 hxg6 43. h4 Qh5 44. Qg5 Qh7+ 45. Ke6 Kb7 46. c5 Qg8+ 47. Kf6 Qxa2 48. Qg2+ c6 49. Qxg6 Qb2+ 50. Ke6 a4 51. Qf7+ Ka6 52. Qe8 a3 53. Qxc6 Ka5 54. Qa8+ Kb5 55. cxb6 Kxb6 56. h5 Kc7 57. Qa7+ Kc8 58. h6 a2 59. Qc5+ Kb7 60. Qd5+ Ka7 61. Qd7+ Ka6 62. Qc8+ Ka7 63. Qc7+ Ka6 64. Qc8+ Ka7 65. Qc7+ Ka6 1/2-1/2

[Event "Politiken Cup 12th"]
[Site "Copenhagen"]
[Date "1990.06.23"]
[Round "4"]
[White "Kutschenko, Roland"]
[Black "Conquest, Stuart"]
[Result "0-1"]
[WhiteElo "2245"]
[BlackElo "2465"]
[PlyCount "114"]
[EventDate "1990.06.20"]
[EventType "swiss"]
[EventRounds "10"]
[EventCountry "DEN"]
[SourceTitle "EXT 2000"]
[Source "ChessBase"]
[SourceDate "1999.11.16"]
[SourceVersion "1"]
[SourceVersionDate "1999.11.16"]
[SourceQuality "1"]

1. e4 c5 2. Nf3 Nc6 3. Bb5 g6 4. 0-0 Bg7 5. Re1 Nf6 6. e5 Nd5 7. Nc3 Nc7 8. Bc4 0-0 9. a4 d5 10. exd6 exd6 11. Nd5 Bg4 12. h3 Bxf3 13. Qxf3 Ne5 14. Qb3 Re8 15. Rf1 Nxc4 16. Qxc4 Nxd5 17. Qxd5 Qd7 18. c3 Re2 19. d4 cxd4 20. cxd4 Rae8 21. b3 R2e4 22. Be3 Kh8 23. Rad1 f5 24. Rd3 Rc8 25. Rfd1 h6 26. g3 Kh7 27. Bf4 Rc6 28. h4 Re8 29. Kg2 Bf6 30. Be5 Bd8 31. h5 g5 32. Rf3 Rf8 33. g4 Qf7 34. Qxf7+ Rxf7 35. Bh2 f4 36. d5 Rc2 37. Rfd3 Re7 38. R3d2 Rxd2 39. Rxd2 Ba5 40. Rd1 Kg7 41. Kf3 Kf6 42. Bg1 a6 43. Rc1 Rc7 44. Rxc7 Bxc7 45. Ke4 Bb6 46. a5 Bc5 47. Kd3 Ke5 48. Kc4 Bd4 49. b4 Ba7 50. b5 Bc5 51. bxa6 bxa6 52. Kd3 Kxd5 53. Ke2 Ke4 54. f3+ Kd5 55. Bh2 Kc4 56. Kd2 d5 57. Kc2 Be3 0-1

[Event "Politiken Cup 12th"]
[Site "Copenhagen"]
[Date "1990.06.20"]
[Round "1"]
[White "Kutschenko, Roland"]
[Black "Kristiansen, Jens"]
[Result "0-1"]
[WhiteElo "2245"]
[BlackElo "2445"]
[PlyCount "48"]
[EventDate "1990.06.20"]
[EventType "swiss"]
[EventRounds "10"]
[EventCountry "DEN"]
[SourceTitle "EXT 2000"]
[Source "ChessBase"]
[SourceDate "1999.11.16"]
[SourceVersion "1"]
[SourceVersionDate "1999.11.16"]
[SourceQuality "1"]

1. e4 g6 2. d4 Bg7 3. Nc3 d6 4. Nf3 Nf6 5. Be2 0-0 6. h3 c5 7. dxc5 Qa5 8. 0-0 Qxc5 9. Be3 Qc7 10. Qd2 Nbd7 11. Bh6 a6 12. Bxg7 Kxg7 13. a4 b6 14. Qf4 e5 15. Qh4 Bb7 16. Rad1 Nc5 17. Bd3 Rad8 18. Rfe1 Rfe8 19. b4 Ne6 20. Bxa6 Bxa6 21. Qxf6+ Kxf6 22. Nd5+ Kg7 23. Nxc7 Nxc7 24. b5 Bb7 0-1

[Event "World op"]
[Site "Philadelphia"]
[Date "1988.??.??"]
[Round "?"]
[White "Kutschenko, Roland"]
[Black "Friedman, Aviv"]
[Result "0-1"]
[WhiteElo "2305"]
[BlackElo "2300"]
[PlyCount "108"]
[EventDate "1988.06.??"]
[EventType "swiss"]
[EventRounds "11"]
[EventCountry "USA"]
[SourceTitle "EXT 1997"]
[Source "ChessBase"]
[SourceDate "1996.11.15"]
[SourceVersion "1"]
[SourceVersionDate "1996.11.15"]
[SourceQuality "1"]

1. e4 c5 2. Nf3 d6 3. Bb5+ Bd7 4. Bxd7+ Qxd7 5. 0-0 Nc6 6. d3 g6 7. Be3 Bg7 8. c3 Nf6 9. h3 0-0 10. Nh4 c4 11. f4 b5 12. Qc2 cxd3 13. Qxd3 b4 14. cxb4 Nxb4 15. Qd2 Qb7 16. a3 Na6 17. Nc3 Nxe4 18. Nxe4 Qxe4 19. Rae1 Rfc8 20. Bxa7 Qc2 21. Qxc2 Rxc2 22. Bf2 Rxb2 23. Nf3 e6 24. Rc1 Ra2 25. Rc6 d5 26. Rfc1 Bf6 27. Rc8+ Rxc8 28. Rxc8+ Kg7 29. Ng5 h6 30. Nf3 Rxa3 31. Ne5 Ra1+ 32. Kh2 Rf1 33. Ng4 h5 34. Nxf6 Rxf2 35. Ne8+ Kh6 36. Kg3 Rb2 37. Nd6 Rb3+ 38. Kf2 f6 39. Ne8 Nb4 40. Nxf6 Nd3+ 41. Ke3 Nb4+ 42. Kd4 Kg7 43. Nd7 Rd3+ 44. Ke5 Re3+ 45. Kd6 Nd3 46. Rf8 Re4 47. g3 h4 48. Ke7 hxg3 49. h4 Rxf4 50. Nf6 Rxf6 51. Rxf6 g2 52. Rf7+ Kh6 53. Kf8 g1Q 54. Kg8 Kh5 0-1